| 000 | 00880nas a2200289 4500 | ||
|---|---|---|---|
| 001 | BR0400382 | ||
| 003 | BR-BrBNA | ||
| 005 | 20231205104318.0 | ||
| 007 | ta | ||
| 008 | 230509b bl.|||p| |||| 00| 00por d | ||
| 040 |
_aBR-BrBNA _bpor _cBiblioteca Nacional de Agricultura |
||
| 041 | _a(Pt) | ||
| 072 | _aK50 | ||
| 100 | 1 | _aTertuliano, S.S.X. | |
| 100 | 1 | _aSilva, J.A. da | |
| 100 | 1 | _aPaes, J.B. | |
| 100 | 1 | _aAraújo, L.V.C. de | |
| 245 | 1 | _aEquações de massa e determinação da massa específica básica da madeira de Croton sonderianus Müll. Arg. | |
| 650 | _aCROTON SONDERIANUS | ||
| 650 | _aMARMELEIRO PRETO | ||
| 650 | _aESTATÍSTICA | ||
| 650 | _aMADEIRA | ||
| 650 | _aDIÂMETRO | ||
| 773 | 0 |
_tBrasil Florestal (Brazil) _xISSN 0045-270X _g(Apr 2003), v. 22(76) p. 15-22 _wBR0400382 |
|
| 909 |
_a202311 _bLúcia _c55 _dLúcia Elande |
||
| 942 |
_2AGRIS _n0 _cANA |
||
| 999 |
_c177496 _d177496 |
||